| 000 | 00441nam a2200181Ia 4500 | ||
|---|---|---|---|
| 008 | 170705s9999 xx 000 0 und d | ||
| 020 | _a9781409504832 | ||
| 245 | _aDino FC : | ||
| 245 | _bterror on the training ground / | ||
| 245 | _cKeith Brumpton. | ||
| 260 | _aNew York : | ||
| 260 | _bUsborne Publishing Ltd., | ||
| 260 | _c2010 | ||
| 300 | _a89 pages : | ||
| 300 | _bcolor illustration ; | ||
| 300 | _c20cm. | ||
| 500 | _a720 | ||
| 999 |
_c336366 _d336366 |
||